000 nam a22 a 4500
999 _c195
_d195
003 PNM
005 20170425162922.0
008 170425s2007 my | e l 000 0 may d
020 _a9677010336 (jil. 1 : 2007) :
_cRM23.00
040 _aAKMAL
082 _a349.09595 MAL
_222
090 _a340.09595
_bMAL
110 1 _aMalaysia
_9400
245 1 0 _aUndang-undang Umum Jilid Satu ;Akta Kontrak, Akta Pengambilan Tanah, Akta Pencegahan Rasuah, Akta Pilihanraya, Peraturan-peraturan Pilihanraya(pendaftaran pemilih), Peraturan-peraturan Pilihanraya(pengundian pos), Akta Kesalahan Pilihanraya, Peraturan-peraturan dibuat oleh Suruhanjaya Pilihanraya dibawah seksyen 15, Peraturan-peraturan Pilihanraya (Perjalanan Pilihanraya)
_b: semua pindaan hingga Mei, 2007 /
_cdisusun semula oleh Penasihat Undang-undang MDC
260 _aKuala Lumpur :
_bMDC Publishers,
_c2007
300 _axi, 442ms. ;
_c26cm.
650 1 0 _aConstitutional law
_zMalaysia
_9437
650 2 0 _aCommon law
_zMalaysia
_9435
710 1 _aMalaysia.
_tAkta Kontrak, 1950
_9443
710 1 _aMalaysia.
_tAkta Pengambilan Tanah, 1960
_9444
710 1 _aMalaysia.
_tAkta Pencegahan Rasuah, 1997
_9445
710 1 _aMalaysia.
_tAkta Pilihanraya, 1958
_9446
710 2 _aPenasihat Undang-Undang MDC
_9405
942 _2ddc
_cBOOK
950 _lAKMAL